| 000 | 00658nam a2200181 i 4500 | ||
|---|---|---|---|
| 001 | 62654 | ||
| 003 | ES-MaACL | ||
| 005 | 20230906164716.0 | ||
| 007 | t| | ||
| 008 | 031124s1961 sp ||||1| spa d | ||
| 100 | 1 |
_aFernández de Arellano, Paulino A. _949622 |
|
| 245 | 1 | 0 |
_aAstorga heróica _b: historia documentada de sus sitios durante la guerra de la Independencia, (1808 a 1813) / _cPaulino A. Fernández de Arellano y Rutilio M. Manrique. |
| 250 | _a2ª ed. | ||
| 260 |
_aLeón : _b[s.n., _c1961] ( _fImp. Provincial) |
||
| 300 |
_aXVIII, 232 p., 5 lám. ; _c24 cm. |
||
| 700 | 1 |
_aManrique, Rutilio M. _976103 |
|
| 852 |
_aES-MaACL _jC-20412 _bR.48769 |
||
| 999 |
_c62654 _d62654 |
||